Otkazoustojčivyje mikroprocessornyje sistemy
Salvato in:
| Autore principale: | |
|---|---|
| Altri autori: | |
| Natura: | Libro |
| Lingua: | russo |
| Pubblicazione: |
Kijev
Technika
1986
|
| Edizione: | 1. izd. |
| Tags: |
Nessun Tag, puoi essere il primo ad aggiungerne!!
|
MARC
| LEADER | 00000nam a2200000 4500 | ||
|---|---|---|---|
| 001 | c033479 | ||
| 005 | 20221220074028.1 | ||
| 041 | 0 | |a rus | |
| 044 | |a UA | ||
| 245 | 1 | 0 | |a Otkazoustojčivyje mikroprocessornyje sistemy |c Anatolij Jepifanovič Kovalenko, Valentin Vasil'jevič Gula |
| 250 | |a 1. izd. | ||
| 264 | 1 | |a Kijev |b Technika |c 1986 | |
| 300 | |a 148 s. | ||
| 100 | 1 | |a Kovalenko, Anatolij Jepifanovič | |
| 700 | 1 | |a Gula, Valentin Vasil'jevič | |